Jurisprudn̊cia comentada dos tribunais alemês

Detalles Bibliográficos
Formato: eBook
Lenguaje:portugués
Publicado: Indaiatuba: Editora Foco, 2021
Materias:
Acceso en línea:Acceso restringido

MARC

LEADER 00000nam a22000007a 4500
005 20220427222632.0
007 cr|||| ||||
008 220427s2021 br |||||s|||| 00||0 por d
020 |a 978-65-5515-303-3 
035 |a 36230 
040 |a vLex 
090 |c 13243  |d 13243 
245 0 0 |a Jurisprudn̊cia comentada dos tribunais alemês  |h [Recurso electrn̤ico] / 
256 |a Servicio en ln̕ea 
260 |a Indaiatuba:  |b Editora Foco,  |c 2021 
300 |a 1 recurso electrn̤ico 
506 1 |a Disponible solo en los productos indicados  |d vLex Global  |d vLex Global (Academic Edition, excluding Law Schools)  |d vLex Global (U.S. Academic Edition, Law Schools)  |d vLex Global (U.S. Academic Edition, excluding Law Schools)  |d vLex Global (Academic Edition, Law Schools) 
650 0 4 |a Derecho Comunitario  |z Brasil 
650 0 4 |a Derecho Internacional  |z Brasil 
740 0 |a vLex Libros (Servicio en ln̕ea) 
856 4 0 |u https://app.vlex.com/#/sources/36230  |z Acceso restringido 
942 |c BOOK 
999 0 |a Community Law 
999 0 |a International Law